[Event "Condigne Dutch Open 2018"]
[Site "Dieren"]
[Date "2018.07.31"]
[Round "7"]
[White "Leenhouts, Koen"]
[Black "De Boer, Eelke"]
[Result "0-1"]
[WhiteElo "2483"]
[BlackElo "2317"]
[Annotator "TA"]
[PlyCount "96"]
[EventDate "2018.07.24"]
[EventType "swiss"]
[EventCountry "NED"]
[SourceTitle "playchess.com"]
[Source "ChessBase"]
[SourceQuality "1"]

{[%evp 30,96,4,8,25,25,31,0,0,-42,0,0,20,12,15,19,56,-1,74,0,70,64,74,42,42,46,59,49,81,54,163,131,210,215,432,434,432,149,172,162,133,81,72,8,8,-387,-390,-364,-358,-727,-720,-697,-685,-678,-635,-678,-678,-678,-671,-670,-667,-660,-652,-1052,-1029,-2535,-1339,-29977,-29979]} 1. d4 Nf6 2. c4 g6 3. f3 Bg7 4. e4 d6 5. Nc3 O-O 6. Nge2 c5 7. d5 e6 8. Ng3 exd5 9. cxd5 a6 10. a4 Nbd7 11. Be2 Ne8 12. Be3 Rb8 13. O-O Nc7 {A65: Modern Benoni: 6 e4} 14. a5 (14. f4 b5 15. e5 bxa4 16. Nge4 dxe5 17. f5 gxf5 18. Rxf5 Nb6 19. Rg5 f5 20. Qe1 fxe4 21. Rxg7+ Kxg7 {½-½ (40) Vachier Lagrave,M (2758)-Radjabov,T (2738) Skopje 2015}) 14... b5 15. axb6 Rxb6 16. Qd2 {[#] LiveBook: 3 Games} Nb5 $146 ({Predecessor:} 16... Re8 17. Nh1 f5 18. Nf2 Ne5 19. Kh1 Rb4 20. Qc1 Nf7 21. Nd3 {0-1 (34) Stepanov,K (2356)-Shpakovsky,A (2526) ICCF email 2014}) 17. Nxb5 axb5 18. f4 Re8 19. Rad1 Rb8 20. Kh1 Qe7 21. e5 f5 22. e6 Nf6 23. Rfe1 (23. b4 $1 $14) 23... Rd8 (23... Bb7 $11 {keeps the balance.}) 24. Bf3 ({Better is} 24. b4 $1 $16) 24... Ne8 (24... b4 $1 $11) 25. Ne2 b4 26. g4 $1 {[%cal Rg4f5]} fxg4 27. Bxg4 Bb7 28. f5 {Strongly threatening fxg6.} Nc7 $1 {[%cal Rc7d5]} 29. Bf3 Rf8 (29... Qf6 $1 $14) 30. Ng3 $18 (30. Bg5 $6 Bf6 $14) 30... Qf6 (30... Kh8 $16 {was necessary.}) 31. Bf4 Nb5 $2 (31... Qe7 32. Ne4 Bxd5) 32. e7 Rfe8 33. Re6 $2 (33. Bg5 $18 Qxb2 34. Qd3) 33... Qxb2 34. Qxb2 (34. fxg6 Qxd2 35. Rxd2 b3 $11) 34... Bxb2 35. fxg6 ({White should play} 35. Ne4 Bc8 36. Nxd6 Nxd6 37. Rxd6 Bxf5 38. Ra6) 35... Nd4 $16 {[#]} 36. gxh7+ (36. Rxd4 $1 $16 {[%mdl 512]} Bxd4 37. gxh7+ Kxh7 38. Be4+ Kg8 39. Nf5) 36... Kh8 $11 37. Re3 $2 {[%mdl 8192]} (37. Bxd6 $11 {and White stays safe.} Nxe6 38. Bxb8 Rxb8 39. Be4) 37... Nxf3 $19 38. Bxd6 Bd4 39. Rxf3 $2 (39. Kg2 Nh4+ 40. Kh3 Bxe3 41. Kxh4) 39... Bxd5 {[%cal Rd5f3]} 40. Kg2 Rb6 41. Nf5 b3 {[%cal Bb4b3,Bb3b2][%mdl 32]} 42. Kg3 Bxf3 43. Kxf3 b2 44. Rb1 Bf6 45. Bxc5 Ra6 46. Nd4 Bxe7 47. Bxe7 Rxe7 48. Rxb2 {[#]} Rf6+ $1 {Precision: White = 37%, Black = 49%.} 0-1

[Event "Condigne Dutch Open 2018"]
[Site "Dieren"]
[Date "2018.07.31"]
[Round "7"]
[White "Beerdsen, Thomas"]
[Black "Maatman, Nick"]
[Result "1-0"]
[WhiteElo "2469"]
[BlackElo "2345"]
[Annotator "TA"]
[PlyCount "47"]
[EventDate "2018.07.24"]
[EventType "swiss"]
[EventCountry "NED"]
[SourceTitle "playchess.com"]
[Source "ChessBase"]
[SourceQuality "1"]

{[%evp 19,47,44,49,54,34,35,55,55,35,29,58,66,70,58,104,95,99,100,115,77,312,296,406,407,29987,29988,29988,29989,29995,29996]} 1. e4 e6 2. d4 d5 3. Bd3 dxe4 4. Bxe4 Nf6 5. Bf3 c5 6. Ne2 Nc6 {C01: Französische Verteidigung (Abtauschvariante)} 7. Be3 Nd5 8. Bxd5 Qxd5 9. Nbc3 Qc4 (9... Qxg2 10. Rg1 Qf3 11. Nb5 Rb8 12. dxc5 Bd7 13. Nc7+ Kd8 14. Nb5 {0-1 (54) Kramnik,V (2808)-Caruana,F (2808) Stavanger 2017}) 10. b3 Qa6 $1 {LiveBook: 7 Partien} 11. dxc5 Be7 $1 12. a3 O-O 13. O-O Rd8 14. Qe1 e5 $146 15. f4 Bf5 16. Rc1 Bf8 17. Ng3 {[%cal Be2g3,Bg3e4,Be4f6][%mdl 32]} exf4 18. Rxf4 Bd7 19. Nd5 {[#] Schwarz muss nun Ta4 beachten.} Qxa3 $2 (19... Ne7 $16 {ist eine bessere Verteidigung.} 20. c4 (20. Nc7 Qc6 $16) 20... Qc6) 20. Qc3 $18 Re8 {Droht stark ...Txe3!} 21. Ne4 Qa5 (21... Rxe4 $18 22. Rxe4 Qa5) 22. Nef6+ {Weiß setzt Matt.} gxf6 23. Nxf6+ Kh8 24. Qd3 {Precision: Weiß = 86%, Schwarz = 41%.} 1-0

[Event "Condigne Dutch Open 2018"]
[Site "Dieren"]
[Date "2018.07.31"]
[Round "7"]
[White "Lai, Hing Ting"]
[Black "Bosboom, Manuel"]
[Result "1/2-1/2"]
[WhiteElo "2447"]
[BlackElo "2403"]
[Annotator "TA"]
[PlyCount "102"]
[EventDate "2018.07.24"]
[EventType "swiss"]
[EventCountry "NED"]
[SourceTitle "playchess.com"]
[Source "ChessBase"]
[SourceQuality "1"]

{[%evp 15,102,-9,34,6,40,38,37,10,11,17,61,33,61,8,54,47,72,68,56,56,50,23,20,16,22,23,37,26,28,29,31,26,30,26,37,37,37,35,49,25,37,16,70,60,80,113,113,16,17,-29,-35,-131,-139,-126,-137,-135,-128,-131,-137,-122,-125,-127,-136,-126,-133,-140,-138,-121,-101,-103,0,0,3,8,153,10,84,84,84,84,84,84,86,65,65,14,14,8,14]} 1. d4 d6 2. Nf3 Nf6 3. b3 g6 4. Bb2 Bg7 5. g3 b5 (5... O-O 6. Bg2 Nbd7 7. O-O Re8 8. c4 c6 9. Nc3 e5 10. d5 cxd5 11. cxd5 e4 12. Nd4 e3 13. f4 Ng4 14. Nc2 Ndf6 15. Qe1 Bf5 16. Nd4 Be4 17. Nxe4 Nxe4 18. Ne6 fxe6 19. Bxg7 {0-1 (60) Carlsen,M (2837)-Grischuk,A (2772) Riadh 2017}) 6. Bg2 {A49: 1 d4 Nf6 2 Nf3 g6 3 g3: Anti-King's Indian systems} Bb7 7. O-O O-O 8. c4 a6 {LiveBook: 5 Games} 9. Na3 c6 10. Ne1 Qc7 $146 ({Predecessor:} 10... Ra7 11. Nd3 Nfd7 12. Qd2 Ba8 13. Rfd1 Qb6 14. Qe3 Nf6 15. h3 Re8 16. Rac1 Nbd7 17. c5 Qb8 18. Qd2 d5 19. Rc2 a5 {½-½ (19) Quesada Vera,L (2423)-Garcia Carey,O (2363) Santa Clara 2017}) 11. Nd3 Nbd7 12. Rc1 bxc4 13. Rxc4 Rfc8 14. d5 (14. e4 $14) 14... c5 (14... Qb6 $5 {[%cal Rc6d5]}) 15. e4 Nb6 16. Rc2 a5 17. Qd2 Ba6 18. Rfc1 Bxd3 19. Qxd3 Qd8 20. Qd2 Rcb8 21. e5 Ng4 22. e6 f5 23. Bxg7 Kxg7 24. Nb5 $36 {[%mdl 2048] White is more active.} Nf6 25. a4 Rc8 26. h3 Qf8 27. Bf3 Ne8 {[%cal Bf6e8,Be8c7,Bc7e6,Be6d4,Bd4f3,Bf3e1][%mdl 32]} 28. Nd4 Qf6 (28... Nf6 $11) 29. Nc6 $14 Rxc6 30. dxc6 Nc7 31. Re1 (31. Qd3 $16) 31... Nxe6 $11 32. c7 Ra7 $1 33. Qe3 (33. Rc3 $15 Nxc7 34. Rce3) 33... Nd4 $17 34. Qxe7+ Qxe7 35. Rxe7+ Kf6 36. c8=Q Nxf3+ 37. Kg2 {White threatens Qe6+ and mate.} Nxc8 38. Rxa7 {Threatens to win with Rxc5.} Ne1+ 39. Kf1 {aiming for Rxc5.} Nxc2 40. Rxa5 {intending Ra8.} Nd4 41. Ra8 Ne7 42. a5 Nec6 ({Of course not} 42... Nxb3 $6 43. a6 $11) (42... Nd5 $1 $17 43. a6 Nc7) 43. a6 $11 Ke6 {[#]} 44. Rb8 $3 {[%mdl 512]} d5 {[#]} (44... Kd5 $11) (44... Nxb8 45. a7) 45. Rb7 (45. b4 $1 $16 {[%mdl 512]}) 45... h5 {[#]} (45... Ke5 $11) 46. b4 $1 $16 {[%cal Rb4b5]} cxb4 {[#]} 47. Rxb4 $1 {[%mdl 512]} Ke5 (47... Nxb4 $2 {loses.} 48. a7 $18) 48. Rb7 f4 49. a7 Nxa7 $1 50. gxf4+ ({Better is} 50. Rxa7 $14 fxg3 51. fxg3) 50... Kxf4 $11 {Strongly threatening ...Nac6.} 51. Rxa7 Nf5 {Precision: White = 50%, Black = 44%.} 1/2-1/2

[Event "Condigne Dutch Open 2018"]
[Site "Dieren"]
[Date "2018.07.31"]
[Round "7"]
[White "Himanshu, Sharma"]
[Black "Rajesh, V A V"]
[Result "1-0"]
[WhiteElo "2420"]
[BlackElo "2309"]
[Annotator "TA"]
[PlyCount "97"]
[EventDate "2018.07.24"]
[EventType "swiss"]
[EventCountry "NED"]
[SourceTitle "playchess.com"]
[Source "ChessBase"]
[SourceQuality "1"]

{[%evp 22,97,0,0,0,0,0,0,0,0,0,-8,-7,-24,-18,-26,-25,-15,-15,-43,-33,-43,-41,-57,-35,-81,-85,-66,-37,-47,204,208,202,196,219,211,268,260,268,268,256,254,254,254,251,251,250,257,255,253,277,253,312,248,243,245,318,317,314,304,302,254,256,257,257,256,345,341,339,312,373,370,367,327,461,453,675,658]} 1. e4 e5 2. Nf3 Nc6 3. Bb5 a6 4. Bxc6 dxc6 5. O-O Bd6 6. d4 exd4 7. Qxd4 f6 8. Be3 Be6 9. Nbd2 Ne7 10. Qc3 {C68: Ruy Lopez: Exchange Variation, sidelines} Qd7 11. Nd4 (11. Rfd1 Ng6 12. Nd4 O-O-O 13. N2b3 Bxb3 14. Qxb3 Bf4 15. Rd2 Bxe3 16. Qxe3 c5 17. Nb3 Qb5 18. Qxc5 Qxc5 19. Rxd8+ Rxd8 20. Nxc5 {½-½ (66) Kovalenko,I (2657)-Matlakov,M (2714) Minsk 2017}) 11... Bf7 12. Nc4 {LiveBook: 3 Games. The position is equal.} c5 13. Nxd6+ $146 ({Predecessor:} 13. Ne2 O-O 14. Rfd1 Qc6 15. f3 Ng6 16. Ng3 Rfd8 17. Nf5 Bf8 {½-½ (40) Armbrust,F (2320)-Lingnau,C (2421) Germany 2017}) 13... cxd6 14. Ne2 Qc6 15. Rad1 O-O 16. Ng3 Rac8 17. Rfe1 d5 $36 {[%mdl 2048] Black is pushing.} 18. exd5 Nxd5 19. Qd2 Rfe8 20. f3 Qb6 21. Bf2 Rxe1+ 22. Qxe1 Qxb2 23. Nf5 {Rxd5! is the strong threat.} Re8 ({Weaker is} 23... Qxa2 {[#]} 24. Rxd5 $1 {[%mdl 512]} Re8 25. Ne7+ Kf8 26. Rxc5 $16) 24. Qd2 {Strongly threatening Nd6.} Nc3 25. Re1 {And now Rxe8+ would win.} Rxe1+ $4 {[%mdl 8192]} ({Wrong is} 25... Nxa2 $2 26. Rxe8+ Bxe8 27. Qd5+ Kh8 28. g4 $18) (25... h5 $15 {keeps the upper hand.}) 26. Bxe1 $18 {Qd8+ would kill now.} Nd5 {[#]} 27. Ne7+ $1 {[%mdl 512]} Kf8 (27... Nxe7 28. Qd8+) 28. Nxd5 Qd4+ 29. Qxd4 cxd4 30. Nb4 Ke7 31. a4 {[%cal Ba2a4,Ba4a5][%mdl 32]} Kd6 32. a5 Kc5 33. Kf1 Bc4+ 34. Nd3+ Kb5 35. Ke2 Bf7 36. Kd1 Kc4 37. Kd2 Kb5 38. Kc1 Bg6 39. Nf4 Bf7 40. Ne2 Kc4 41. Bg3 d3 42. cxd3+ Kxd3 43. Kd1 g5 44. Bc7 f5 45. Ke1 Ke3 46. Bb6+ Kd3 47. Kf2 Bg6 (47... Be8 {was necessary.} 48. Bc7 Bb5) 48. Bd8 h6 (48... Bf7 $142 49. Bxg5 Be8) 49. h4 {Precision: White = 78%, Black = 53%.} 1-0

[Event "Condigne Dutch Open 2018"]
[Site "Dieren"]
[Date "2018.07.31"]
[Round "7"]
[White "Hendriks, Willy"]
[Black "Floor, Dirk"]
[Result "1-0"]
[WhiteElo "2417"]
[BlackElo "2196"]
[Annotator "TA"]
[PlyCount "59"]
[EventDate "2018.07.24"]
[EventType "swiss"]
[EventCountry "NED"]
[SourceTitle "playchess.com"]
[Source "ChessBase"]
[SourceQuality "1"]

{[%evp 16,59,31,14,5,22,15,7,13,16,8,18,118,104,158,14,10,-35,-20,-22,-35,-38,31,27,41,34,21,18,125,129,281,275,272,291,280,281,274,101,237,225,497,472,488,479,739,739]} 1. g3 g6 2. Bg2 Bg7 3. e4 d6 4. d4 Nf6 5. Nc3 O-O 6. Nge2 Nbd7 7. O-O c5 8. h3 Rb8 9. Be3 {LiveBook: 22 Partien. B07: Pirc-Ufimzew-Verteidigung} (9. a4 b6 10. Re1 a6 11. g4 cxd4 12. Nxd4 Bb7 13. Nde2 Qc7 14. Ng3 Rbc8 15. Re2 e6 16. g5 Ne8 17. h4 Ne5 {0-1 (30) Vitiugov,N (2721)-Bocharov,D (2611) Sochi 2016}) 9... b5 10. e5 dxe5 11. dxc5 {[%cal Bd4c5,Bc5c6][%mdl 32] Und weiter mit c6 wäre nett.Die Stellung ist ausgeglichen.} b4 12. Nd5 Nxd5 13. Qxd5 {Schwarz muss nun c6 beachten.} Qa5 (13... Qc7 $11 {bleibt in der Remisbreite.}) 14. c6 $16 Rb5 (14... Qxd5 $142 15. Bxd5 Nf6) 15. Qd2 ({Der einzige Zug:} 15. Qd1 $1 $16 Nf6 16. a3) 15... Nb6 $1 $11 {[%cal Bd7b6,Bb6d5,Bd5e3][%mdl 32]} 16. b3 $146 {c4 ist eine echte Drohung.} ({Vorgänger:} 16. a4 bxa3 17. Qxa5 Rxa5 18. Rxa3 Rxa3 19. bxa3 Ba6 20. Re1 Rc8 21. Nc3 e4 22. Nxe4 Bb5 {½-½ (22) Stocko,J (2200)-Antunovic,I (2141) Rijeka 2010}) 16... e4 $1 17. Rad1 Nd5 18. Bh6 e3 (18... Bxh6 $15 19. Qxh6 Rc5) 19. Bxe3 $14 Nxe3 20. Qxe3 Re5 21. Qd2 $36 {[%mdl 2048] Weiss hat Druck.} Qxa2 {[#]} (21... Rf5 $11 {hält das Gleichgewicht.}) 22. Nf4 $1 $16 Bf5 $2 (22... Qa5 $16) 23. Qxb4 $18 Bxc2 24. Ra1 Qxb3 25. Qxb3 Bxb3 {[#]} 26. Rxa7 $2 (26. Rac1 $1 $18 {ist der präzise Gewinnweg.}) 26... Rc8 (26... Rc5 $16 {ist eine bessere Verteidigung.}) 27. Rc1 {zielt auf c7 ab.} e6 $2 (27... g5) 28. Rb7 {Weiß steht klar auf Gewinn.} Ba4 29. c7 Ra5 (29... Bf8 $142 30. Rb8 Bd7) 30. Rb8 {Precision: Weiß = 51%, Schwarz = 27%.} 1-0

[Event "Condigne Dutch Open 2018"]
[Site "Dieren"]
[Date "2018.07.31"]
[Round "7"]
[White "Viani Antonio Dcunha"]
[Black "Pruijssers, Roeland"]
[Result "1-0"]
[WhiteElo "2404"]
[BlackElo "2501"]
[Annotator "TA"]
[PlyCount "103"]
[EventDate "2018.07.24"]
[EventType "swiss"]
[EventCountry "NED"]
[SourceTitle "playchess.com"]
[Source "ChessBase"]
[SourceQuality "1"]

{[%evp 18,103,27,21,31,36,28,27,45,36,56,64,84,82,91,83,88,65,112,111,149,115,179,127,129,129,129,129,129,129,129,103,108,86,88,93,113,96,102,60,85,62,101,106,146,146,147,129,135,125,257,257,257,257,257,257,257,257,257,257,257,257,257,0,0,0,257,257,257,257,257,257,257,257,1005,967,986,949,971,889,882,856,984,502,1909,1924,6429,6325]} 1. e4 e5 2. Nf3 Nc6 3. Bc4 Nf6 4. d3 Be7 5. O-O O-O 6. Nbd2 d6 {C55: Two Knights: 4 d3, 4 d4 exd4 5 e5 and Max Lange Attack} 7. a4 (7. c3 Na5 8. Bb5 a6 9. Ba4 c5 10. Re1 b5 11. Bc2 Nc6 12. Nf1 Re8 13. Ng3 Bf8 14. d4 exd4 15. cxd4 Bg4 16. Be3 g6 17. a4 Rc8 18. axb5 axb5 19. Bb3 c4 20. Bc2 Nh5 21. Nxh5 Bxh5 {0-1 (51) Onischuk,V (2637)-Wang,H (2709) Riadh 2017}) 7... Na5 8. Ba2 c5 9. Nc4 Nc6 10. c3 {LiveBook: 4 Games} h6 11. Ne3 Re8 12. Bd2 $146 ({Predecessor:} 12. h3 Bf8 13. Nh2 Ne7 14. Qf3 Be6 15. Neg4 Nh7 16. Bxe6 fxe6 17. Qg3 g5 18. d4 exd4 19. f4 Bg7 20. fxg5 hxg5 21. Bxg5 {1-0 (21) Turner,M (2504)-Webb,R (2266) England 2013}) 12... Bf8 13. b4 {[%cal Bb2b4,Bb4b5][%mdl 32]} g6 14. Nh4 (14. Re1 {keeps more tension.} Bg7 15. h3 Nh5 16. Qc2 Bd7 17. Nc4) 14... Be6 15. Bxe6 Rxe6 16. b5 Nb8 17. c4 Nh5 18. g3 {[%cal Bg2g3,Bg3f4,Bf4f5][%mdl 32]} Nd7 19. a5 Nf4 (19... a6 $16) 20. Ra3 ({But not} 20. gxf4 $6 Qxh4 21. a6 b6 $14) (20. a6 $18 b6 21. Bc3 (21. gxf4 Qxh4 22. Rb1 exf4 $16)) 20... Re8 $16 21. gxf4 {Nhg2 is the strong threat.} Qxh4 22. f5 Nf6 23. Kh1 Kh7 24. Qf3 Be7 25. a6 b6 26. Rg1 {Hoping for Nd5.} Rg8 27. Raa1 Qh5 28. Qxh5 Nxh5 29. Nd5 Bh4 30. Rg4 Bxf2 31. Rf1 Bd4 32. Ne7 $36 {[%mdl 2048] White is on the roll.} Rgf8 33. Rf3 ({Not} 33. fxg6+ fxg6 34. Kg2 Rxf1 $15) 33... g5 {[#]} (33... Rae8 $16) 34. Bxg5 $1 $18 {[%mdl 512]} hxg5 35. Rxg5 Kh6 36. Rg4 $1 {And now f6 would win.} Rfe8 {[#]} 37. f6 $1 Rxe7 38. fxe7 Nf4 39. Rfg3 {Threatens to win with Rg8.} Ng6 40. Rf3 Nf4 41. Rfg3 {aiming for Rg8.} Ng6 {[#]} 42. Rh3+ $1 Kg7 43. Rf3 Re8 44. h4 Rxe7 45. h5 Bc3 $2 (45... Re8 46. Kg2 (46. hxg6 Rh8+ 47. Kg2 fxg6 $18) 46... Rh8) 46. hxg6 {White is clearly winning.} fxg6 {[%mdl 4096] Endgame KRR-KRB} 47. Rh4 Be1 48. Rh2 g5 49. Kg2 Re6 50. Rh1 Bh4 (50... g4 $142) 51. Rhf1 Re7 52. Kh3 {Precision: White = 78%, Black = 49%.} 1-0

[Event "Condigne Dutch Open 2018"]
[Site "Dieren"]
[Date "2018.07.31"]
[Round "7"]
[White "Zwirs, Nico"]
[Black "Warmerdam, Max"]
[Result "1/2-1/2"]
[WhiteElo "2386"]
[BlackElo "2424"]
[Annotator "NA"]
[PlyCount "39"]
[EventDate "2018.07.24"]
[EventType "swiss"]
[EventCountry "NED"]
[SourceTitle "playchess.com"]
[Source "ChessBase"]
[SourceQuality "1"]
[TimeControl "40/5400+30:1800+30"]

{[%evp 12,35,21,32767,41,32767,32767,11,5,13,0,0,15,0,32767,81,87,89,87,89,94,7,20,14,18,0]} 1. e4 {[%emt 0:00:08]} c5 {[%emt 0:00:00]} 2. Nc3 {[%emt 0:00:18]} Nc6 {[%emt 0:00:00]} 3. Nf3 {[%emt 0:00:29]} d6 {[%emt 0:00:02]} 4. Bb5 {[%emt 0:00:09]} Bd7 {[%emt 0:07:50]} 5. Bxc6 {[%emt 0:00:08]} Bxc6 {[%emt 0:03:29]} 6. d4 {[%emt 0:00:07]} cxd4 {[%emt 0:02:00] LiveBook: 51 Games} 7. Nxd4 {[%emt 0:00:09]} Nf6 {[%emt 0:09:55] B54: Sizilianisch (Rauser Anti-Drachen-Variante)} 8. Qf3 {[%emt 0:00:58]} Nd7 $146 {[%emt 0:08:24]} ({Vorgänger:} 8... Bd7 9. Bg5 Ng4 10. O-O-O Rc8 11. Nd5 Ne5 12. Qe2 f6 13. Be3 e6 14. Nf4 Kf7 15. Kb1 {1-0 (84) Oreopoulos,K (2451)-Fischer,W (2491) ICCF email 2013}) 9. O-O {[%emt 1:32:04]} g6 {[%emt 0:01:06]} 10. Bg5 {[%emt 0:00:00]} Bg7 {[%emt 0:01:13]} 11. Rad1 {[%emt 0:00:00]} O-O {[%emt 0:06:39]} 12. Qh3 {[%emt 0:00:00]} Re8 {[%emt 0:02:50]} 13. Nxc6 {[%emt 0:00:00]} bxc6 {[%emt 0:00:03]} 14. Rxd6 $1 {[%emt 0:00:00]} Qa5 {[%emt 0:00:08]} 15. Rxd7 {[%emt 0:00:00]} Qxg5 {[%emt 0:00:37]} 16. Qd3 {[%emt 0:00:00]} (16. Na4 $16) 16... Qa5 $1 {[%emt 0:02:51]} 17. Qc4 {[%emt 0:00:00]} Rab8 {[%emt 0:03:03]} 18. Nd1 $11 {[%emt 0:00:00]} Bxb2 {[%emt 0:19:05]} 19. Nxb2 {[%emt 0:00:00]} Rxb2 {[%emt 0:00:05]} 20. Qxc6 {[%emt 0:00:00]} 1/2-1/2

[Event "Condigne Dutch Open 2018"]
[Site "Dieren"]
[Date "2018.07.31"]
[Round "7"]
[White "Shyaamnikhil P"]
[Black "Vrolijk, Liam"]
[Result "1-0"]
[WhiteElo "2375"]
[BlackElo "2419"]
[Annotator "TA"]
[PlyCount "49"]
[EventDate "2018.07.24"]
[EventType "swiss"]
[EventCountry "NED"]
[SourceTitle "playchess.com"]
[Source "ChessBase"]
[SourceQuality "1"]

{[%evp 33,49,8,9,11,68,41,452,449,491,490,488,489,486,472,659,446,434,434]} 1. e4 {Marin,M} e5 2. Nf3 Nc6 3. Bb5 {[%cal Bf1b5,Bb5a4,Ba4b3][%mdl 32]} a6 4. Ba4 Nf6 5. O-O b5 6. Bb3 Bc5 7. a4 Rb8 8. c3 d6 9. d4 Bb6 10. axb5 axb5 11. Na3 O-O 12. Nxb5 Bg4 13. Bc2 exd4 {C78: Ruy Lopez: Archangelsk and Möller Defences} 14. Nbxd4 Nxd4 15. cxd4 Bxf3 16. gxf3 Nh5 17. Kh1 Qf6 {LiveBook: 23 Games} 18. Ra4 {[#]} Nf4 $146 (18... Ra8 $11) ({Predecessor:} 18... Ra8 19. Be3 Rxa4 20. Bxa4 Nf4 21. Rg1 {½-½ (40) Karjakin,S (2720)-Anand,V (2790) Wijk aan Zee 2010 CBM 135 [Marin,M]}) 19. Rg1 Ra8 $2 {[%mdl 8192] [#]} (19... Nh3 $14 20. Rg2 Ra8) 20. e5 $1 $18 {[%cal Re5f6][%mdl 512] White is clearly winning.} Qh4 {Strongly threatening ...Nh3.} (20... dxe5 21. dxe5) 21. Rg4 Qxf2 22. Bxf4 {And now Qd3 would win.} Rxa4 23. Bxa4 Ra8 24. b3 h5 25. Rg2 1-0

[Event "Condigne Dutch Open 2018"]
[Site "Dieren"]
[Date "2018.07.31"]
[Round "7"]
[White "Miedema, David"]
[Black "Van Roon, Sjoerd"]
[Result "1-0"]
[WhiteElo "2370"]
[BlackElo "2100"]
[Annotator "NA"]
[PlyCount "69"]
[EventDate "2018.07.24"]
[EventType "swiss"]
[EventCountry "NED"]
[SourceTitle "playchess.com"]
[Source "ChessBase"]
[SourceQuality "1"]
[TimeControl "40/5400+30:1800+30"]

1. e4 {[%emt 0:00:00]} d5 {[%emt 0:00:00]} 2. exd5 {[%emt 0:00:00]} Qxd5 {[%emt 0:00:00]} 3. Nc3 {[%emt 0:00:00]} Qa5 {[%emt 0:00:00]} 4. Bc4 {[%emt 0:00:00]} Nf6 {[%emt 0:00:00]} 5. d3 {[%emt 0:00:00]} c6 {[%emt 0:04:36]} 6. Bd2 {[%emt 0:00:00]} Qc7 {[%emt 0:00:28]} 7. Qe2 {[%emt 0:01:30]} Bg4 {[%emt 0:02:02] B01: Scandinavian Defence} (7... Bf5 8. h3 h5 9. Nf3 Nbd7 10. O-O Nb6 11. Bb3 Nbd5 12. Nxd5 Nxd5 13. Nd4 Bd7 14. Bxd5 cxd5 15. c4 dxc4 16. dxc4 {½-½ (48) Efimenko,Z (2651)-Kryvoruchko,Y (2659) Kiev 2013}) 8. f3 {[%emt 0:00:07]} Bf5 {[%emt 0:00:34]} 9. g4 {[%emt 0:00:06]} Bg6 {[%emt 0:01:11]} 10. f4 {[%emt 0:00:40]} h5 {[%emt 0:03:14]} 11. f5 {[%emt 0:00:06]} Bh7 {[%emt 0:02:49]} 12. g5 {[%emt 0:00:05]} Nd5 {[%emt 0:02:02]} 13. Qe4 {[%emt 0:16:05]} e6 {[%emt 0:07:27]} (13... Nd7 $16) 14. g6 {[%emt 0:00:23]} ({Weaker is} 14. Bxd5 Bxf5 15. Qe3 cxd5 $17) 14... fxg6 {[%emt 0:03:32]} 15. fxg6 {[%emt 0:08:08]} Nxc3 {[%emt 1:09:35]} 16. Bxc3 {[%emt 0:03:02]} Bg8 $146 {[%emt 0:00:00]} 17. Bxe6 {[%emt 0:04:12]} Qe7 {[%emt 0:00:00]} 18. Bxg8 {[%emt 0:12:00]} Qxe4+ {[%emt 0:00:00]} 19. dxe4 {[%emt 0:00:04]} Rxg8 {[%emt 0:00:00]} 20. O-O-O {[%emt 0:11:14]} Nd7 {[%emt 0:00:00]} 21. Nh3 {[%emt 0:00:38]} O-O-O {[%emt 0:00:00]} 22. Nf4 {[%emt 0:06:20]} h4 {[%emt 0:00:00]} 23. e5 {[%emt 0:09:37]} Re8 {[%emt 0:00:00]} 24. Rde1 {[%emt 0:01:22]} Nc5 {[%emt 0:00:00]} 25. Rhg1 {[%emt 0:05:10]} Be7 {[%emt 0:00:00]} 26. Nh5 {[%emt 0:02:14]} Ne6 {[%emt 0:00:00]} 27. Nf6 {[%emt 0:00:13]} gxf6 {[%emt 0:00:00]} 28. exf6 {[%emt 0:01:07]} Bc5 {[%emt 0:00:00]} 29. Rg4 {[%emt 0:04:35]} Nf4 {[%emt 0:02:13]} 30. Rxe8+ {[%emt 0:00:38]} Rxe8 {[%emt 0:00:03]} 31. Rxf4 {[%emt 0:00:12]} Be3+ {[%emt 0:00:19]} 32. Bd2 {[%emt 0:00:04]} Bxf4 {[%emt 0:00:13]} 33. Bxf4 {[%emt 0:00:04]} Kd7 {[%emt 0:00:47]} 34. f7 {[%emt 0:00:14]} Kc8 {[%emt 0:00:35]} 35. fxe8=Q# {[%emt 0:00:07]} 1-0